000 00461cam a22001457a 4500
008 180718b1905 xxu||||| |||| 00| 0 eng d
082 _aA72x5431 K744
100 _aKnight, E.F.
245 _aWhere three empires meet
_cby E.F. Knight
260 _aBombay
_bLongmans
_c1905
300 _a528p.
500 _aTravels in Kashmir, Western Tiber, G:light and adjoining countries
650 _aTibet - Description & travel
650 _aKashmir - Description & travel
999 _c369491
_d369491